000 00803nam a2200205 a 4500
001 000044387
005 20240409073825.0
008 140626s2006 dr a 000 0 spa d
020 _a9945859811
040 _aDO-SdBNP
_bspa
_cBNPHU
082 _aRD863. 5
_bG934c
100 1 _aGuerrero, Celio,
_d1951-
_921066
245 1 0 _aAna y Emilio :
_ben rescate de pluma negra y de la tierra /
_cCelio Guerrero.
260 _aSanto Domingo :
_bGuerrero & Vásquez ; diseño e ilustración Jaime Meléndez,
_c2006.
300 _a57 p. :
_bil. ;
_c28 cm.
500 _aIncluye datos biográficos del autor en la solapa de la contracubierta
650 0 _xCuentos infantiles dominicanos
_aCuentos infantiles dominicanos
_9505
650 4 _aLiteratura infantil dominicana
_9441
700 1 2 _aMeléndez, Jaime
_eil.
_972390
999 _c43876
_d43876